00845cam a22002417a 4500003000500000005001700005008004100022010001000063011001000073035001100083040000900094100002300103245016400126260010200290300001000392490003100402490003000433490003000463650002400493650003600517700001900553830003100572CHAP20220817044019.0050411d2002 ii r 00110 eng d a90049 a91021 a101578 cCHAP00aBantilan, M. C. S.10aVulnerability and adaptation in dryland agriculture in India's SAT : experiences from ICRISAT's village-level studiesc/by M. C. S. Bantillan and K. V. Anupama aAndhra Pradesh, India :bInternational Crops Research Institute for the Semi-Arid Tropics,c2002. a13 p. 0aWorking paper seriesv; 1300aSocioeconomics and policy00aSocioeconomics and policy14aAgriculturaxIndia.14aAgriculturaxRegiones áridas.0 aAnupama, K. V.0 aWorking paper seriesv; 13